La pampa húmeda /

Guardado en:
Autor Corporativo: TV Quality.
Formato: Deslizar
Materias:
Etiquetas: Agregar Etiqueta
Sin Etiquetas, Sea el primero en etiquetar este registro!
LEADER 01062ngm a22003375g 4500
001 CEM.cems022035
008 130507b1994##################0###0#####d
005 20241001131403.0
245 1 0 |a La pampa húmeda /  |c TV Quality. 
300 |a 23'. 
500 |a En soporte VHS, consultar en ventanilla. 
505 0 |a Ubicación. Formación geológica. Erosión. Cultivos (trigo, maíz, soja, girasol): su comercialización. Producción ganadera. Formas de explotación. 
538 |a Soporte: VHS - Norma: PAL N - Color - Grabación DRD 1994 - Hitachi=5270 
110 2 |a TV Quality. 
082 9 1 |/ SED 
653 |a GEOGRAFIA ECONOMICA 
653 |a PAMPA HUMEDA 
653 |a ARGENTINA-GEOLOGIA 
653 |a GEOLOGIA 
653 |a AGRICULTURA 
653 |a GANADERIA 
653 |a EROSION 
653 |a CULTIVOS 
653 |a CEREALES 
653 |a TRIGO 
653 |a MAIZ 
653 |a SOJA 
653 |a GIRASOL 
653 |a NIVEL PRIMARIO 
653 |a NIVEL SECUNDARIO 
859 |a CEMS  |b BIB. CEMS - Depto. Recursos Didacticos  |h 910  |i SED  |k DRD  |p 678.12  |t Ej.1